Una visión crítica sobre el tratamiento contable de los intrumentos derivados (Registro nro. 12704)

Detalles MARC
000 -LEADER
fixed length control field 00344 a2200109 4500
001 - CONTROL NUMBER
control field ART_54855
005 - DATE AND TIME OF LATEST TRANSACTION
control field 20260410161634.0
008 - FIXED-LENGTH DATA ELEMENTS--GENERAL INFORMATION
fixed length control field 260409a
100 1# - MAIN ENTRY--PERSONAL NAME
Personal name Marchesano, Marisa
245 10 - TITLE STATEMENT
Title Una visión crítica sobre el tratamiento contable de los intrumentos derivados
773 0# - HOST ITEM ENTRY
Title Enfoques
Related parts - N°11 (nov. 2021)
Record control number REV416

No hay ítems disponibles.